Super héroïnes en images - Statistiques

Statistiques générales
  • Ce quiz a été pris 91 fois
  • Le résultat moyen est 10 sur 16
Statistiques - réponses
Par images Réponse % Correct
Wonder Woman
96%
Catwoman
95%
Supergirl
88%
Black Widow
86%
LadyBug
85%
Captain Marvel
81%
She-Hulk
74%
La Sorcière Rouge
73%
Gamora
69%
Élastigirl
65%
Super Nanas
57%
La Guêpe
54%
Starfire
39%
Thundergirl
27%
Black Canary
23%
Huntress
20%
Aucun quiz correspondant
Distribution des résultats
% des personnes avec chaque résultat
Percentile par nombre de réponses
Votre historique - résultats
Vous n’avez pas pris ce quiz